White Ruff / (Record no. 8020)
[ view plain ]
| 000 -LEADER | |
|---|---|
| fixed length control field | 00711cam a22002651 4500 |
| 001 - CONTROL NUMBER | |
| control field | 9824324 |
| 003 - CONTROL NUMBER IDENTIFIER | |
| control field | OSt |
| 005 - DATE AND TIME OF LATEST TRANSACTION | |
| control field | 20140310182002.0 |
| 008 - FIXED-LENGTH DATA ELEMENTS--GENERAL INFORMATION | |
| fixed length control field | 720511s1958 xx 000 0 eng |
| 010 ## - LIBRARY OF CONGRESS CONTROL NUMBER | |
| LC control number | 59016183 |
| 035 ## - SYSTEM CONTROL NUMBER | |
| System control number | (OCoLC)306308 |
| 040 ## - CATALOGING SOURCE | |
| Original cataloging agency | DLC |
| Transcribing agency | ODaWU |
| Modifying agency | DLC |
| 042 ## - AUTHENTICATION CODE | |
| Authentication code | premarc |
| 050 00 - LIBRARY OF CONGRESS CALL NUMBER | |
| Classification number | PZ 10.3 |
| Item number | .B174 1958 |
| 082 ## - DEWEY DECIMAL CLASSIFICATION NUMBER | |
| Classification number | KF |
| Item number | B18w 1958 |
| 100 1# - MAIN ENTRY--PERSONAL NAME | |
| Personal name | Balch, Glenn |
| Dates associated with a name | 1902- |
| 9 (RLIN) | 5234 |
| 245 10 - TITLE STATEMENT | |
| Title | White Ruff / |
| Statement of responsibility, etc | Glenn Balch. |
| 260 ## - PUBLICATION, DISTRIBUTION, ETC. (IMPRINT) | |
| Name of publisher, distributor, etc | New York : |
| Date of publication, distribution, etc | Scholastic Books Services, |
| Place of publication, distribution, etc | c1958. |
| 300 ## - PHYSICAL DESCRIPTION | |
| Extent | 235 p. : |
| Dimensions | 19 cm. |
| 440 #0 - SERIES STATEMENT/ADDED ENTRY--TITLE | |
| Title | Famous dog stories |
| 9 (RLIN) | 5235 |
| 541 ## - IMMEDIATE SOURCE OF ACQUISITION NOTE | |
| -- | 1 |
| 562 ## - COPY AND VERSION IDENTIFICATION NOTE | |
| Number of copies | 1 |
| 906 ## - LOCAL DATA ELEMENT F, LDF (RLIN) | |
| a | 7 |
| b | cbc |
| c | oclcrpl |
| d | u |
| e | ncip |
| f | 19 |
| g | y-gencatlg |
| 942 ## - ADDED ENTRY ELEMENTS (KOHA) | |
| Source of classification or shelving scheme | Library of Congress Classification |
| Koha item type | |
| Call number prefix | |
| Withdrawn status | Lost status | Source of classification or shelving scheme | Damaged status | Home library | Current library | Shelving location | Date acquired | Total Checkouts | Full call number | Barcode | Date last seen | Copy number | Price effective from | Koha item type |
|---|---|---|---|---|---|---|---|---|---|---|---|---|---|---|
| Library of Congress Classification | Luxembourg Library | Luxembourg Library | Kids Fiction Section | 07/29/2013 | PZ 10.3 .B174 1958 | 10537 | 08/13/2013 | 1 | 07/29/2013 | Books |